00580nam a2200193 a 4500001001300000003000900013005001700022008004100039020002700080082001300107100002700120245008100147260002700228300000900255500003500264505003200299650002800331700002700359nice12345678IN_TiNIC20260116013815.0050524s1992 dela grp 000 0 eng  a0803946 c1124.5500a150bWRI aWrightsman, Lawrence S aAssumptions About Human Natureb Implications for Researchers and Practition aDelhibSage Pub c1992 a368p aincludes index and biblioraphy2 aAppendix, References, Index aPsychology-Human Nature1 aWrightsman, Lawrence S